000 00757nam a2200217 i 4500
001 66866
003 ES-MaACL
005 20230906165852.0
007 t|
008 040415s1974 mx ||||1| spa d
020 _a968-16-1071-7
080 _a1 Platon
100 1 _aGómez Robledo, Antonio.
_958133
245 1 0 _aPlatón
_b: los seis grandes temas de su filosofía /
_cAntonio Gómez Robledo.
250 _a1ª reimp.
260 _aMexico D.F. :
_bFondo de Cultura Económica :
_bUniversidad Nacional Autónoma de México,
_c1982.
300 _a623 p. :
_b[1] h. de lám. ;
_c21 cm.
600 0 4 _aPlatón-
_xCrítica e interpretación.
_992599
710 2 _aUniversidad Nacional Autónoma de México.
_97397
852 _aES-MaACL
_jL-27342
_bR.132948
999 _c66866
_d66866